Lập trình Pascal
Sách cung cấp các kiến thức cơ bản về lập trình bằng ngôn ngữ Pascal. Sách được viết thống nhất dưới dạng tóm tắt lý thuyết, sau đó là bài tập và lời giải. Sách tập hợp 250 bài tập cơ bản nhằm mục đích ôn luyện các khái niệm chung...
Na minha lista:
| Autor principal: | |
|---|---|
| Formato: | Livro |
| Idioma: | Undetermined |
| Publicado em: |
Hà Nội
Giáo dục
2006
|
| Assuntos: | |
| Tags: |
Adicionar Tag
Sem tags, seja o primeiro a adicionar uma tag!
|
| Thư viện lưu trữ: | Trung tâm Học liệu Trường Đại học Cần Thơ |
|---|
| LEADER | 01037nam a2200205Ia 4500 | ||
|---|---|---|---|
| 001 | CTU_122803 | ||
| 008 | 210402s9999 xx 000 0 und d | ||
| 020 | |c 13700 | ||
| 082 | |a 005.133 | ||
| 082 | |b H100/T1 | ||
| 100 | |a Bùi, Việt Hà | ||
| 245 | 0 | |a Lập trình Pascal | |
| 245 | 0 | |c Bùi Việt Hà | |
| 260 | |a Hà Nội | ||
| 260 | |b Giáo dục | ||
| 260 | |c 2006 | ||
| 520 | |a Sách cung cấp các kiến thức cơ bản về lập trình bằng ngôn ngữ Pascal. Sách được viết thống nhất dưới dạng tóm tắt lý thuyết, sau đó là bài tập và lời giải. Sách tập hợp 250 bài tập cơ bản nhằm mục đích ôn luyện các khái niệm chung nhất của chương trình Pascal. Bộ sách gồm 3 tập | ||
| 650 | |a Pascal ( Computer programs ),Programming languages ( Electronic computers ) | ||
| 904 | |i Giang, Huỳnh Mai | ||
| 980 | |a Trung tâm Học liệu Trường Đại học Cần Thơ | ||